[Event "5th EKA IIFL Investment 2019"]
[Site "Mumbai"]
[Date "2019.12.31"]
[Round "2.1"]
[White "Girinath, P.D.S."]
[Black "Aleksandrov, Aleksej"]
[Result "1/2-1/2"]
[WhiteElo "2330"]
[BlackElo "2592"]
[Annotator "TA"]
[PlyCount "218"]
[EventDate "2019.12.30"]
[EventType "swiss"]
[EventCountry "IND"]
[SourceTitle "playchess.com"]
[Source "ChessBase"]
[SourceQuality "1"]

{[%evp 21,218,0,9,0,17,6,2,10,17,2,6,0,0,3,9,8,7,4,129,0,0,0,0,0,0,0,30,0,8,0,14,0,0,0,0,0,0,0,0,0,0,0,0,0,0,0,0,0,0,0,0,0,0,-108,0,0,0,0,0,0,0,0,0,0,0,0,0,0,0,0,0,0,0,0,0,0,0,0,0,0,0,0,0,0,0,0,0,0,0,0,0,0,0,0,0,0,0,0,0,0,0,0,0,0,0,0,0,0,0,0,0,0,0,0,0,0,0,0,0,0,0,0,0,0,0,0,0,0,0,0,0,0,0,0,0,0,0,0,0,0,0,0,0,0,0,0,0,0,0,0,0,0,0,0,0,0,0,0,0,0,0,0,0,0,0,0,0,0,0,0,0,0,0,0,0,0,0,0,0,0,0,0,0,0,0,0,0,0,0,0,0,0,0,0,0,0,0,0,0]} 1. e4 e5 2. Nf3 Nc6 3. Nc3 Nf6 4. d4 exd4 5. Nxd4 Bb4 6. Nxc6 bxc6 7. Bd3 O-O 8. O-O d5 9. exd5 cxd5 10. Bg5 c6 11. Qf3 Rb8 12. h3 {C47: Scotch Four Knights and Four Knights with 4 g3} h6 13. Bf4 Bd6 14. b3 Rb4 15. Bxd6 Qxd6 16. Rfe1 {[#]} Bd7 $146 ({Predecessor:} 16... a5 17. Rad1 Bd7 18. Qe3 Rc8 19. Qa7 Rh4 20. Re3 Qc7 21. Qxc7 Rxc7 {½-½ (57) Carlsen,M (2839)-Ding,L (2804) Porto Carras 2018}) 17. Qe3 c5 18. Qe5 Qc6 19. Rad1 Rbb8 {[#]} (19... Re8 $11 20. Qg3 Rxe1+ 21. Rxe1 c4) 20. Bf5 ({White must play} 20. Nxd5 $1 $16 {[%mdl 512] Strongly threatening Ne7+.} Nxd5 (20... Qxd5 21. Bh7+) 21. Be4) 20... Rbe8 $11 21. Bxd7 Qxd7 22. Qf4 Re6 23. Na4 c4 24. Qd4 Rc8 25. Rxe6 fxe6 26. Nc5 Qe7 27. b4 e5 28. Qe3 Qd6 29. c3 Re8 30. Ne4 Nxe4 {[#]} 31. Qxe4 $1 {[%mdl 4608] Endgame KQR-KQR} Rd8 (31... dxe4 32. Rxd6) 32. Qe2 Qc7 33. Rc1 d4 34. cxd4 Rxd4 35. Qe3 Qd6 36. Kh2 e4+ 37. Qg3 {[#]} (37. g3 $11 {keeps the balance.}) 37... Qxb4 ({Black should try} 37... Qxg3+ $1 $17 38. Kxg3 Kf7) 38. Qe5 $1 {[%cal Re5d4] The position is equal.} Qb6 {[#]} 39. Rxc4 $1 {[%mdl 576] Decoy} Rxc4 40. Qd5+ Kh8 41. Qxc4 Qxf2 42. Qxe4 Qxa2 {KQ-KQ} 43. Qa8+ Kh7 44. Qe4+ g6 45. Qe7+ Kg8 46. Qe8+ Kg7 47. Qe5+ Kf7 48. Qf4+ Kg8 49. Qb8+ Kh7 50. Qc7+ Kh8 51. Qe5+ Kg8 52. Qe8+ Kg7 53. Qe5+ Kf8 54. Qd6+ Kf7 55. Qf4+ Ke8 56. Qe5+ Kd7 57. Qg7+ Kd6 58. Qf8+ Ke5 59. Qc5+ Ke4 60. Qe7+ Kd4 61. Qd7+ Kc3 62. Qc7+ Kb4 63. Qb7+ Kc5 64. Qc7+ Kd4 65. Qg7+ Kc5 66. Qc7+ Kb4 67. Qb8+ Kc3 68. Qe5+ Kd3 69. Qd6+ Ke2 70. Qe5+ Kf1 {[%csl Gf1][%cal Ra2g2]} 71. Qf4+ Ke1 72. Qe3+ Kd1 73. Qd4+ Ke2 74. Qe4+ Kf1 75. Qf3+ Ke1 76. Qe3+ (76. Qg3+ {is more complex.} Qf2 77. Qe5+ Qe2 78. Qf4 Qd2 79. Qg3+) 76... Kd1 77. Qd4+ Qd2 78. Qxa7 Qd6+ 79. Kh1 h5 80. Qf2 Qe5 81. Qf3+ Ke1 82. h4 Kd2 83. Qf2+ Kd1 84. Qf3+ Ke1 85. Qd3 Qf5 86. Qc3+ Kf2 {( -> ...Qb1+)} 87. Qd2+ Kg3 {[%cal Rf5f1]} 88. Qe3+ Kg4 89. Qh3+ (89. Kg1 {seems wilder.} Qb1+ 90. Kf2 Qf5+ 91. Kg1) 89... Kf4 {aiming for ...Qxh3+.} 90. Qf3+ Ke5 91. Qc3+ Kd6 92. Qb4+ Qc5 (92... Ke5 {looks sharper.} 93. Qc3+) 93. Qe4 (93. Qb7 {feels hotter.} Ke6 94. Kh2 Qe5+ 95. g3 Kf6 96. Qc6+) 93... Qf5 94. Qb4+ (94. Qe3 {keeps more tension.} Kd5 95. Qb3+ Ke5 96. Qc3+) 94... Ke5 95. Qb8+ Ke4 96. Qb4+ Kd3 97. Qd6+ Ke3 98. Qg3+ Ke2 99. Kh2 Kf1 100. Qd6 Ke2 101. Qd4 Qe6 102. Qf4 Qd5 103. Kg3 Qd3+ 104. Kh2 Ke1 105. Qe5+ Kf2 106. Qf4+ Ke2 107. g4 Qe3 108. Qxe3+ Kxe3 109. gxh5 gxh5 {Accuracy: White = 79%, Black = 69%.} 1/2-1/2

[Event "5th EKA IIFL Investment 2019"]
[Site "Mumbai"]
[Date "2019.12.31"]
[Round "2.2"]
[White "Yakubboev, Nodirbek"]
[Black "Bharat Kumar Reddy Poluri"]
[Result "1/2-1/2"]
[WhiteElo "2592"]
[BlackElo "2337"]
[Annotator "TA"]
[PlyCount "77"]
[EventDate "2019.12.30"]
[EventType "swiss"]
[EventCountry "IND"]
[SourceTitle "playchess.com"]
[Source "ChessBase"]
[SourceQuality "1"]

{[%evp 20,77,-42,-26,49,46,41,13,13,0,25,25,20,12,26,15,7,12,25,14,4,0,18,0,3,3,10,0,0,0,0,-36,0,-22,-35,0,0,-46,-50,-126,-107,-109,-104,-101,-98,-110,-133,-122,-121,-124,-114,-115,0,-124,0,-143,0,-131,0,-131]} 1. g3 Nf6 2. Bg2 d5 3. Nf3 e6 4. O-O Be7 5. d3 O-O 6. Nbd2 c5 7. e4 Nc6 8. Re1 Qc7 9. c3 b6 10. e5 Nd7 11. Qe2 f6 {C00: French: Unusual White 2nd moves} ({Black should try} 11... b5 $11) (11... a5 12. Nf1 a4 13. Bf4 Bb7 14. h4 Rfc8 15. Ne3 Qd8 16. h5 b5 17. Nxd5 exd5 18. e6 Nf8 19. exf7+ Kxf7 {0-1 (37) Morozevich,A (2675)-Hou,Y (2666) Biel 2017}) 12. exf6 $14 Nxf6 13. Nf1 $146 ({Predecessor:} 13. Ng5 e5 14. Ngf3 Bd6 15. h3 Bb7 16. a3 Rae8 17. Qd1 e4 18. dxe4 dxe4 19. Nxe4 Nxe4 20. Rxe4 Rxe4 {0-1 (48) Uzunov,D-Petrov,P (1868) Sofia 2010}) 13... Bd6 14. Bg5 Bd7 15. Ne3 Rae8 16. Rad1 b5 17. Bxf6 gxf6 18. d4 c4 19. a3 a5 20. Nh4 f5 21. Qh5 {[#] Threatens to win with Nexf5!} Qd8 22. f4 Qf6 23. Nf1 b4 24. axb4 $1 axb4 25. Nd2 Rb8 26. Re3 bxc3 27. bxc3 Rb2 28. Nhf3 Ra8 $36 {[%mdl 2048] Black has some pressure.} 29. Nf1 (29. Rde1 $15) 29... Qg6 $17 30. Qxg6+ hxg6 31. Ng5 Raa2 32. Bf3 {[#]} Nd8 $1 33. Rde1 {[%cal Rg5e6]} Kg7 34. h4 Ra3 35. Rc1 Raa2 36. Rce1 Ra3 37. Rc1 $1 Raa2 38. Rce1 Ra3 39. Rc1 $1 {Accuracy: White = 52%, Black = 67%.} 1/2-1/2

[Event "5th EKA IIFL Investment 2019"]
[Site "Mumbai"]
[Date "2019.12.31"]
[Round "2.3"]
[White "Bogdanovich, Stanislav"]
[Black "Kulkarni, Vikramaditya"]
[Result "1-0"]
[WhiteElo "2562"]
[BlackElo "2328"]
[Annotator "TA"]
[PlyCount "95"]
[EventDate "2019.12.30"]
[EventType "swiss"]
[EventCountry "IND"]
[SourceTitle "playchess.com"]
[Source "ChessBase"]
[SourceQuality "1"]

{[%evp 9,95,5,23,13,8,7,40,23,20,27,20,22,27,32,46,-25,0,0,21,-68,-100,-90,-50,-119,12,0,33,33,33,36,43,37,445,383,373,368,658,652,649,644,603,395,390,387,397,392,387,371,366,379,360,363,368,363,371,366,401,312,293,293,369,318,324,318,318,313,537,531,547,539,592,458,589,574,704,675,810,802,837,825,980,956,1763,1644,1522,1435,1149,1108]} 1. Nf3 e6 2. g3 d5 3. Bg2 c5 4. c4 d4 5. O-O Nc6 6. d3 {A09: Réti Opening: 1 Nf3 d5 2 c4} (6. e3 Nf6 7. exd4 cxd4 8. d3 Bd6 9. Bg5 h6 10. Bxf6 Qxf6 11. Nbd2 Qd8 12. a3 a5 13. Ne4 Be7 14. Rc1 O-O 15. Re1 e5 16. c5 {1-0 (57) Donchenko,A (2593)-Wang,Y (2684) chess.com INT 2019}) 6... Bd6 7. e3 dxe3 8. Bxe3 $146 {White is slightly better.} ({Predecessor:} 8. fxe3 Nge7 9. Kh1 Ng6 10. d4 Qe7 11. Nc3 h5 12. Ne4 h4 13. Nfg5 f5 14. Nxd6+ Qxd6 {0-1 (25) Kohlman,R (2300)-Kawaciukova,Z (2080) Trencin 1995}) 8... Nge7 9. d4 Nf5 10. d5 Nxe3 11. fxe3 Na5 {[%cal Bc6a5,Ba5c4,Bc4e3,Be3f1][%mdl 32]} 12. b4 ({White should try} 12. e4 $14) 12... Nxc4 13. bxc5 {aiming for Qa4+.} Nxe3 14. Qd3 (14. Qd4 $11 Bxc5 15. Qxc5 Nxf1 16. Nc3) 14... Nxf1 $15 15. cxd6 Qxd6 16. Nc3 {[#]} (16. Bxf1 $15 Qxd5 17. Qa3) 16... exd5 ({Black should play} 16... Nxg3 $1 $17 {Threatens to win with ...Nf5.} 17. hxg3 O-O) 17. Rxf1 $11 Be6 18. Ng5 $36 {[%mdl 2048] White is more active.} Qc5+ 19. Kh1 {[%cal Rc3d5]} Qc4 $1 {[%cal Rc4d3]} 20. Qb1 Qc6 $2 {[%mdl 8192]} ({Better is} 20... Qxc3 $14 21. Nxe6 fxe6 22. Qxb7 Rc8) 21. Nxe6 fxe6 {[#]} 22. Nxd5 $1 {[%mdl 512]} exd5 $2 (22... Qd7 23. Ne3 Rd8) 23. Qf5 $18 Qd6 24. Re1+ Kd8 {And now ...Rc8 would win.} 25. Qg5+ Kc8 26. Qxg7 Rd8 27. Re7 {White wants to mate with Bh3+.} Qc6 {( -> ...Qc1+)} 28. Bh3+ Kb8 {White must now prevent ...a5.} 29. Qe5+ Qd6 30. Qxd6+ {[%mdl 64] Overworked Piece} Rxd6 {[%mdl 4096] Endgame KRR-KRB} 31. Re8+ Kc7 32. Rxa8 {KRB-KR} Ra6 33. Rc8+ Kd6 34. Rc2 Ke5 35. Bf1 Ra3 36. Re2+ Kd4 37. Rd2+ Ke3 $2 (37... Ke5 38. Bg2 Ra5) 38. Rxd5 {White is clearly winning.} Rxa2 39. Kg1 Rb2 40. Rd3+ Ke4 41. Ra3 a6 42. Bd3+ Kd4 43. Bxh7 Kc5 44. Be4 Rb4 45. Bxb7 Rxb7 46. Rxa6 Rb2 47. Rf6 Kd4 48. Rf2 {Accuracy: White = 73%, Black = 35%.} 1-0

[Event "5th EKA IIFL Investment 2019"]
[Site "Mumbai"]
[Date "2019.12.31"]
[Round "2.4"]
[White "Rathnakaran, K.."]
[Black "Gholami, Aryan"]
[Result "1/2-1/2"]
[WhiteElo "2322"]
[BlackElo "2541"]
[Annotator "TA"]
[PlyCount "169"]
[EventDate "2019.12.30"]
[EventType "swiss"]
[EventCountry "IND"]
[SourceTitle "playchess.com"]
[Source "ChessBase"]
[SourceQuality "1"]

{[%evp 16,169,0,-3,0,4,24,0,0,-7,-10,-28,-3,-46,-52,-79,-38,-22,-14,-75,-70,-62,-66,-129,-88,-493,-249,-245,-245,-243,-247,-299,-225,-218,-221,-220,-204,-213,-223,-220,-97,-102,-90,-169,-171,-191,-202,-207,-143,-208,-207,-198,-139,-303,-295,-283,-227,-189,-155,-299,-275,-287,-215,-207,-219,-211,-99,-88,0,-213,-104,-117,-87,-137,-127,-132,-121,-303,-313,-297,-314,-311,-291,-231,-248,-283,-191,-267,-217,-260,-250,-609,-585,-529,-450,-581,-572,-544,-539,-510,-277,-258,0,-527,-385,-503,-507,-685,-738,-728,-720,-729,-577,-546,-531,-501,-476,-468,-485,-477,-468,-472,-468,-456,-362,-364,-339,-250,0,-369,-361,-349,-266,-237,-241,-299,-260,-400,-389,-385,-381,-389,0,0,0,-8,0,0,0,0,0,0,0,0,0,0]} 1. e4 c5 2. Nf3 e6 3. d3 Nc6 4. g3 g6 5. Bg2 Bg7 6. O-O Nge7 7. Nc3 O-O 8. Be3 Nd4 9. Qd2 Nec6 {B24: Closed Sicilian: 3 g3 sidelines} 10. Ne1 Qa5 11. Bh6 d6 12. h4 f5 13. h5 Ne5 14. Bxg7 $146 ({Predecessor:} 14. Bg5 Rf7 15. hxg6 hxg6 16. exf5 gxf5 17. Qd1 {0-1 (47) Rathnakaran,K (2441)-Akopian,V (2697) Albena 2012}) 14... Kxg7 15. h6+ Kg8 16. exf5 Nxf5 17. Bh3 (17. Nf3 $11) 17... Qd8 18. Ne4 Nf7 19. Ng2 (19. g4 $15 N5xh6 20. g5) 19... N5xh6 20. g4 $2 {[%mdl 8192]} (20. Rae1 $17 {is more resistant.}) 20... e5 (20... d5 $142 21. Ng3 Ng5) 21. f4 $19 Bxg4 ({Don't play} 21... Nxg4 22. Rae1) 22. Bxg4 Nxg4 23. f5 Nfh6 24. fxg6 hxg6 25. Rxf8+ Qxf8 26. Rf1 Qe7 27. Nf6+ Nxf6 (27... Kg7 $1 $19 {has better winning chances.} 28. Nd5 Qd8) 28. Qxh6 $17 Qg7 29. Qh3 (29. Qh4 $17 {is a better defense.} Rf8 30. Qc4+ Kh7 31. Qe6) 29... Re8 $19 30. Qf3 Rf8 31. Rf2 b6 32. Ne3 (32. Nh4 $17) 32... Qh6 33. a4 Qh5 (33... Kg7 $19 34. Qb7+ Kg8) 34. Qc6 $2 (34. Qg2 $17) 34... Qg5+ 35. Ng2 Rf7 36. Rf1 d5 37. Qe6 (37. a5 $17) 37... Kg7 38. b3 e4 39. dxe4 dxe4 40. Rf4 Qh5 (40... Rc7 $19 41. Rf1 Rb7) 41. Ne3 $17 Qg5+ (41... Qe2 $17 42. Ng4 Qd1+ 43. Kg2 Qd8) 42. Ng2 $19 Qg3 (42... Rb7 $19 {and Black stays clearly on top.} 43. Kh2 Rc7) 43. Qe5 $17 Kg8 44. Qb8+ {[#]} Rf8 $1 {[%cal Rf8b8]} 45. Qe5 ({Wrong is} 45. Qd6 $2 Qc3 $19) 45... g5 46. Qe6+ $2 (46. Rf5 $17 Qxe5 47. Rxe5) 46... Kg7 $19 47. Rf5 Qg4 {And now ...Qd1+ would win.} 48. Qe7+ Rf7 ({But not} 48... Kg6 49. Rf1 $19) 49. Qe5 Kg6 50. Rf1 Qd7 51. c3 (51. Ne3 {might work better.}) 51... Qh3 52. a5 bxa5 53. Qxc5 $2 (53. c4) 53... Rh7 54. Rxf6+ Kxf6 {[%mdl 4096] Endgame KQR-KQN} 55. Qd4+ Kg6 56. Qxe4+ Qf5 57. Qc6+ Qf6 58. Qe4+ Qf5 $2 (58... Kg7 59. Ne3 a6) 59. Qc6+ $1 Kg7 60. Qc7+ Kf6 61. Qc6+ Qe6 62. Qf3+ Kg7 63. Ne3 Rh8 64. Nf5+ Kg6 65. Ng3 Qe1+ 66. Kg2 Qd2+ 67. Kg1 Qh2+ 68. Kf1 Qh3+ 69. Kg1 {intending Qc6+.} Qd7 70. Qe4+ Kf6 71. Qf3+ {[#]} Kg6 (71... Ke7 $142 $1 72. Qe3+ Kf8 73. Qc5+ Kf7 74. Qxg5 Qd1+ {[%mdl 64] Double Attack} 75. Kg2 Qc2+ {[%mdl 64] Double Attack} 76. Kg1 Qd1+ 77. Kg2 Qc2+ {[%mdl 64] Double Attack} 78. Kf1 Qd1+ 79. Kg2) 72. Qe4+ Kf7 73. Qf3+ Ke8 74. Qa8+ Qd8 75. Qc6+ Kf7 {Strongly threatening ...Qb6+.} 76. Qc4+ (76. Qb7+ {was forced.} Kg8 77. Qe4) 76... Kg7 77. Nf5+ Kf6 {White must now prevent ...Qd1+.} 78. Nd4 Qd6 $2 (78... Qd7 $19 79. Qf1+ Kg6 80. Qd3+ Kh5) 79. Qf1+ $11 {The position is equal.} Qf4 80. Qa6+ $1 Ke7 81. Qxa7+ Kd6 82. Qa6+ Ke7 83. Qb7+ Kf6 {( -> ...Qc1+)} 84. Qc6+ Ke7 {aiming for ...Qg3+.} (84... Kf7 $5 85. Qe6+ $8 Kf8 86. Qc8+ Kg7 87. Ne6+ {[%mdl 64] Double Attack} Kf6 88. Qxh8+ Kxe6 $11) 85. Qb7+ {Accuracy: White = 47%, Black = 59%.} 1/2-1/2

[Event "5th EKA IIFL Investment 2019"]
[Site "Mumbai"]
[Date "2019.12.31"]
[Round "2.5"]
[White "Deepan Chakkravarthy J."]
[Black "Srijit, Paul"]
[Result "1-0"]
[WhiteElo "2535"]
[BlackElo "2318"]
[Annotator "TA"]
[PlyCount "101"]
[EventDate "2019.12.30"]
[EventType "swiss"]
[EventCountry "IND"]
[SourceTitle "playchess.com"]
[Source "ChessBase"]
[SourceQuality "1"]

{[%evp 9,101,11,20,17,49,37,37,35,40,33,33,43,44,19,84,78,79,87,109,115,120,112,114,89,92,49,98,90,161,177,166,168,206,196,196,171,184,150,226,236,236,227,248,221,364,350,345,351,338,326,268,197,276,175,178,150,168,162,141,144,153,162,585,30,378,349,638,631,620,615,583,535,572,545,1334,1334,1116,1129,636,613,1040,370,358,323,321,322,367,357,333,274,408,328,1198,1191]} 1. d4 f5 2. Bf4 Nf6 3. e3 e6 4. Be2 d6 (4... Nc6 5. Nf3 Ne7 6. O-O Ng6 7. c4 b6 8. Nc3 Bb4 9. Rc1 Bb7 10. Nb5 Nxf4 11. exf4 a6 {½-½ (53) Ni,H (2668)-Maghsoodloo,P (2656) Abu Dhabi 2019}) 5. h3 Qe7 6. Nf3 {A80: Dutch Defence: Unusual White second moves} h6 $146 ({Predecessor:} 6... Nbd7 7. Nbd2 h6 8. c3 g5 9. Bg3 Bg7 10. Qc2 O-O 11. O-O-O a6 12. Nh2 {0-1 (44) Hanel,E (1835)-Horvath,M (2070) Gallspach 1997}) 7. c4 g5 8. Bh2 {White is slightly better.} Bg7 9. Nc3 O-O 10. Qc2 Nc6 11. a3 a5 (11... e5 $11) 12. d5 $36 {[%mdl 2048] White is in control.} Nd8 13. Nd4 c5 14. Nxe6 Nxe6 15. dxe6 Bxe6 16. Nb5 Rad8 17. Rd1 {[%cal Rh2d6]} Ne8 18. O-O Be5 (18... b6 $16 {was necessary.}) 19. Bxe5 $1 $18 dxe5 20. Qc3 Rxd1 21. Rxd1 ({Not} 21. Bxd1 Qf6 $14) 21... Qf6 22. Qxa5 g4 23. Qd8 Qg6 (23... gxh3 $16 24. gxh3 f4) 24. hxg4 fxg4 25. Qh4 Ng7 {intending ...Qc2.} 26. Nc3 Qc2 (26... g3 $142) 27. Rd8 {Hoping for Bd3.} ({Less strong is} 27. Bxg4 Bxg4 28. Qxg4 Qxf2+ 29. Kh2 Qxe3 $16) 27... Qxb2 28. Rxf8+ Kxf8 29. Qf6+ Kg8 30. Qxe5 Bf5 (30... Qc1+ {is a better defense.} 31. Kh2 Qd2) 31. a4 Kh7 32. g3 h5 33. e4 Bg6 34. a5 Qa1+ 35. Kg2 Qe1 $2 (35... Qb2 36. Bd3 Ne6) 36. Bd1 $2 ({White must play} 36. Nd5 $1 $18 {[%cal Rd5f6] Threatens to win with Nf6+.} Qxe2 {[%mdl 64] Double Attack} 37. Nf6+ {[%mdl 64] Discovered Attack} Kh8 38. Qe7) 36... Qd2 $2 {[%mdl 8192] [#]} (36... Ne6 $1 $11) 37. Nd5 $1 Qxd1 $2 (37... Bf7) 38. Nf6+ {[%mdl 64] Discovered Attack} Kh8 {[#]} 39. Qe7 $1 {[%cal Re7f8]} Ne6 40. Qxe6 {[%csl Gf6][%cal Re6g8]} Qf3+ 41. Kg1 {[%csl Gf6][%cal Re6g8]} Kg7 42. Qe7+ {[%mdl 64] Double Attack} Bf7 43. Nxh5+ Kh6 44. Nf4 {Qf6+ would kill now.} Bxc4 45. Qxc5 $2 (45. Qf6+ Kh7 46. Qf5+ Kg8 47. Qc8+ Kg7 48. Qxb7+ Kg8 49. Qc8+ Kg7 50. a6 Bxa6 51. Qd7+ Kh6 52. Qe6+ Kg7 53. Qe7+ Kg8 54. Qe8+ Kg7 55. Qg6+ Kf8 56. Qh7) 45... Qxe4 46. Qh5+ Kg7 47. Qxg4+ Kf7 {Now ...Qe1+ and Black clings on.} 48. Qd7+ Kf8 49. Ng6+ Kg8 (49... Qxg6 $142 50. Qc8+ {[%mdl 64] Double Attack} (50. Qxb7 Qe6 $11) 50... Ke7) 50. Ne7+ Kf8 $2 (50... Kg7 51. Nd5+ Kg6) 51. Qf5+ {Accuracy: White = 63%, Black = 25%.} 1-0

[Event "5th EKA IIFL Investment 2019"]
[Site "Mumbai"]
[Date "2019.12.31"]
[Round "2.6"]
[White "Samant, Aditya S"]
[Black "Stupak, Kirill"]
[Result "1/2-1/2"]
[WhiteElo "2309"]
[BlackElo "2529"]
[Annotator "TA"]
[PlyCount "49"]
[EventDate "2019.12.30"]
[EventType "swiss"]
[EventCountry "IND"]
[SourceTitle "playchess.com"]
[Source "ChessBase"]
[SourceQuality "1"]

{[%evp 12,49,33,40,43,52,35,34,34,30,33,26,36,29,33,33,30,27,47,16,27,14,40,39,33,50,48,0,0,0,0,0,42,-7,0,-9,21,0,0,0]} 1. e4 e6 2. d4 d5 3. Nd2 Nc6 4. Ngf3 Nf6 5. e5 Nd7 6. Bd3 f6 7. Ng5 Ndxe5 {C04: French Tarrasch: 3...Nc6} (7... fxg5 8. Qh5+ g6 {[#]} 9. Bxg6+ $1 {[%mdl 512]} hxg6 10. Qxg6+ Ke7 11. Ne4 $1 $16 {[%mdl 512]}) 8. dxe5 fxg5 9. Qh5+ Kd7 {White is slightly better.} 10. Nf3 Nb4 11. Bxg5 Qe8 12. Qh4 Nxd3+ 13. cxd3 Qg6 14. O-O c6 15. Rfd1 $146 ({Predecessor:} 15. Rad1) 15... Ke8 16. Rac1 h6 17. Bd8 Bd7 18. Bc7 Be7 19. Qg3 (19. Qf4 {keeps more tension.} Rf8 20. Qe3 Bg5 21. Nxg5 Qxg5 22. Qe2) 19... Qxg3 20. fxg3 Rc8 21. Bd6 Ra8 22. Bc7 Rc8 {The position is equal.} 23. Bd6 Ra8 24. Bc7 Rc8 25. Bd6 {Accuracy: White = 57%, Black = 70%.} 1/2-1/2

[Event "5th EKA IIFL Investment 2019"]
[Site "Mumbai"]
[Date "2019.12.31"]
[Round "2.7"]
[White "Yudin, Sergei"]
[Black "Pranesh, M."]
[Result "1/2-1/2"]
[WhiteElo "2497"]
[BlackElo "2317"]
[Annotator "TA"]
[PlyCount "61"]
[EventDate "2019.12.30"]
[EventType "swiss"]
[EventCountry "IND"]
[SourceTitle "playchess.com"]
[Source "ChessBase"]
[SourceQuality "1"]

{[%evp 16,61,12,16,11,11,11,11,14,11,16,21,12,15,10,20,16,20,28,16,36,38,43,35,45,59,58,43,32,9,14,0,0,0,0,0,0,0,0,0,0,0,0,0,0,0,0,0]} 1. e4 e5 2. Nf3 Nc6 3. Bb5 Nf6 4. O-O Nxe4 5. d4 Nd6 6. dxe5 Nxb5 7. a4 Nbd4 8. Nxd4 Nxd4 9. Qxd4 d5 {C67: Ruy Lopez: Berlin Defence: 4 0-0 Nxe4} 10. c4 $146 (10. Qd3 c6 11. a5 Be6 12. Nc3 Qd7 13. Ne2 Bf5 14. Qc3 Be7 15. Bh6 d4 16. Nxd4 gxh6 17. e6 Bxe6 18. Nxe6 {1-0 (30) Vitiugov,N (2726)-Harikrishna,P (2730) Prague 2019}) 10... Be6 11. c5 b6 12. b4 $1 bxc5 13. bxc5 c6 $1 14. Nd2 {[%cal Bb1d2,Bd2b3,Bb3d4][%mdl 32]} Be7 15. Nb3 O-O 16. Qc3 Qd7 17. a5 Rab8 18. Nd4 Bd8 19. Re1 Bc7 20. Bf4 a6 21. Bg3 Rb7 22. Qd3 {[#] Black must now prevent f4.} Rb4 {The position is equal.} 23. Nxe6 fxe6 24. Qxa6 Rb5 25. Reb1 {Threatens to win with Rxb5.} Rfb8 26. Rxb5 Rxb5 27. Qa8+ Rb8 28. Qa6 Rb5 29. Qa8+ Rb8 30. Qa6 Rb5 $1 31. Qa8+ {Accuracy: White = 79%, Black = 73%.} 1/2-1/2

[Event "5th EKA IIFL Investment 2019"]
[Site "Mumbai"]
[Date "2019.12.31"]
[Round "2.8"]
[White "Taher, Yoseph Theolifus"]
[Black "Pranav, Anand"]
[Result "1-0"]
[WhiteElo "2469"]
[BlackElo "2309"]
[Annotator "TA"]
[PlyCount "21"]
[EventDate "2019.12.30"]
[EventType "swiss"]
[EventCountry "IND"]
[SourceTitle "playchess.com"]
[Source "ChessBase"]
[SourceQuality "1"]

{[%evp 18,21,0,0,8,19]} 1. d4 Nf6 2. c4 e6 3. Nc3 Bb4 4. Qb3 c5 5. dxc5 Nc6 6. Nf3 Ne4 7. Bd2 Nxd2 8. Nxd2 Bxc5 9. e3 O-O 10. Be2 d6 $146 {E23: Nimzo-Indian: 4 Qb3 c5 5 dxc5 Nc6} ({Predecessor:} 10... b6 11. Rd1 f5 12. Nf3 Qf6 13. O-O g5 14. Ne1 Rf7 15. Nb5 Bb7 16. Nd6 Bxd6 17. Rxd6 Rc8 18. Qd1 {0-1 (51) Christiansen,L (2595)-Speelman,J (2630) Munich 1992}) 11. O-O {[%mdl 32768] Sensor Board Error (Ke4/e5)?} 1-0

[Event "5th EKA IIFL Investment 2019"]
[Site "Mumbai"]
[Date "2019.12.31"]
[Round "2.9"]
[White "Mohammad Fahad, Rahman"]
[Black "Lugovskoy, Maxim"]
[Result "*"]
[WhiteElo "2294"]
[BlackElo "2466"]
[Annotator "TA"]
[PlyCount "41"]
[EventDate "2019.12.30"]
[EventType "swiss"]
[EventCountry "IND"]
[SourceTitle "playchess.com"]
[Source "ChessBase"]
[SourceQuality "1"]

{[%evp 14,41,20,12,23,8,12,0,29,37,22,16,41,41,43,39,49,47,63,61,77,64,145,143,148,142,145,104,121,43]} 1. e4 e6 2. d4 d5 3. Nc3 Bb4 4. e5 c5 5. a3 Bxc3+ 6. bxc3 Ne7 7. h4 b6 8. h5 h6 {C18: French: 3 Nc3 Bb4: Main line: 7 h4 and 7 Qg4} 9. Qg4 (9. Nf3 Qc7 10. Bd3 Ba6 11. O-O Bxd3 12. cxd3 cxd4 13. cxd4 Nbc6 14. a4 O-O 15. Ba3 Qd7 16. Qd2 Rac8 17. Rfb1 f6 18. Bxe7 Qxe7 {1-0 (64) Bosiocic,M (2599)-Riazantsev,A (2649) St Petersburg 2018}) 9... Kf8 10. a4 Ba6 {The position is equal.} 11. Bxa6 Nxa6 12. Ba3 $146 ({Predecessor:} 12. Nf3 cxd4 13. cxd4 Nb4 14. O-O Nxc2 15. Rb1 Rc8 16. Rb3 {½-½ (16) Kuczynski,R (2465)-Matlak,M (2405) Cetniewo 1991}) 12... Rc8 13. Qe2 $36 {[%mdl 2048] White fights for an advantage.} Nb8 14. Nf3 Qc7 15. O-O Nd7 16. Nh4 Kg8 {[#]} 17. f4 $1 Nf5 (17... Nf8 $14) 18. Nxf5 $16 exf5 19. Qd3 cxd4 20. Qxf5 dxc3 21. Qd3 {Accuracy: White = 71%, Black = 42%.} (21. Bd6 $16 Qc6 22. Rfb1 (22. e6 Nf6 $14)) *

[Event "5th EKA IIFL Investment 2019"]
[Site "Mumbai"]
[Date "2019.12.31"]
[Round "2.10"]
[White "Neverov, Valeriy"]
[Black "Senthil, Maran K"]
[Result "1-0"]
[WhiteElo "2460"]
[BlackElo "2305"]
[Annotator "TA"]
[PlyCount "57"]
[EventDate "2019.12.30"]
[EventType "swiss"]
[EventCountry "IND"]
[SourceTitle "playchess.com"]
[Source "ChessBase"]
[SourceQuality "1"]

{[%evp 3,3,20]} 1. c4 e6 2. d4 {Predecessor:} b6 $146 3. Nf3 Bb7 4. g3 Nf6 5. Bg2 Be7 6. O-O O-O 7. Nc3 Ne4 8. Nxe4 Bxe4 9. Ne1 Bxg2 10. Nxg2 d5 11. Qa4 Qd7 12. Qxd7 Nxd7 13. cxd5 exd5 14. Nf4 Nf6 15. Nd3 c5 16. dxc5 bxc5 17. Bg5 c4 18. Nf4 h6 19. Bxf6 Bxf6 20. Rac1 Rfd8 21. Rfd1 Bxb2 22. Rc2 c3 23. Nxd5 Rac8 24. e4 Kf8 25. Rd3 Rc4 26. Re3 Rdc8 27. Kf1 Ra4 28. Nxc3 Bxc3 29. Rexc3 {½-½ (29) Mamedyarov,S (2764)-Ding,L (2805) Saint Louis 2019} 1-0